000 01264nam a2200313 i 4500
001 000049167
003 DO-SdBNP
005 20230808105356.0
007 ta
008 190724s2005 dr 000 0 spa d
040 _aDO-SdBNP
_bspa
_cBNPHU
_erda
082 4 _a323
_bR426p1
_222
110 1 _aRepública Dominicana.
_bSecretaría de Estado de Interior y Policía.
_bPlan de Seguridad Democrática.
_bVoluntariado de la Garantía de los Derechos Ciudadanos.
_954546
245 0 0 _aDeclaración universal de derechos humanos :
_badoptado por la asamblea general de las Naciones Unidas en 1948
264 _aSanto Domingo :
_bPlan de Seguridad Democrática,
_c2005.
300 _a20 paginas ;
_c15 cm.
336 _2rdacontent
_atexto
_btxt
337 _2rdamedia
_asin mediación
_bn
338 _2rdacarrier
_avolumen
_bnc
490 0 _aDerechos ciudadanos
_v1
500 _aTítulo tomado de la cubierta
590 _aInventariado, 2023/DG
650 4 _aDerecho civil
_93574
650 4 _aDerechos humanos (Derecho internacional)
_950376
662 _b| Derechos humanos (Derecho internacional)
710 2 _aSecretaría de Estado de Interior y Policía (República Dominicana)
_976495
910 _aDG/Validado. Control de calidad MFF
942 _2ddc
_cLF2
999 _c54282
_d54282